Religion as knowledge/ (Record no. 37937)

000 -LEADER
fixed length control field 00352nam a22001451a 4500
020 ## - INTERNATIONAL STANDARD BOOK NUMBER
ISBN 9788188643035
082 ## - DEWEY DECIMAL CLASSIFICATION NUMBER
Classification number 294.5
Item number JAN/R
100 ## - MAIN ENTRY--AUTHOR NAME
Personal name Janaki Abhisheki
245 ## - TITLE STATEMENT
Title Religion as knowledge/
Statement of responsibility, etc by Janaki Abhisheki
260 ## - PUBLICATION, DISTRIBUTION, ETC. (IMPRINT)
Place of publication New Delhi:
Name of publisher Akshaya Prakasan,
Year of publication 2003.
300 ## - PHYSICAL DESCRIPTION
Number of Pages 462p.
650 ## - SUBJECT ADDED ENTRY--TOPICAL TERM
Topical Term Hinduism
650 ## - SUBJECT ADDED ENTRY--TOPICAL TERM
Topical Term Religion
942 ## - ADDED ENTRY ELEMENTS (KOHA)
Koha item type Book
Holdings
Withdrawn status Lost status Damaged status Not for loan Permanent Location Current Location Date acquired Cost, normal purchase price Full call number Accession Number Cost, replacement price Price effective from Koha item type
        Sree Sankaracharya University of Sanskrit Sree Sankaracharya University of Sanskrit 08.01.2015 300.00 294.5 JAN/R 046116 0.00 08.01.2015 Book